000 01098cab a2200313 4500
001 ABS50379
008 090401t1994 xxu||||| |||| 00| 0 eng d
035 _a(Sirsi) u75492
041 _aeng
245 _aMarketwatch: further education
260 _c1994
350 _a0
490 _aBuilding Market Report
_vMarch 1994,8-9(2)
520 _aLooks at opportunities for chartered surveyors in the further education sector folowing removal of 464 further education and sixth form colleges from local authority control. Each educational establishment becomes responsible for its own estate management functions.
650 _aCOLLEGES OF FURTHER EDUCATION
650 _aCONSTRUCTION MARKET
650 _aEDUCATION BUILDINGS
650 _aESTATE MANAGEMENT
650 _aFACILITIES MANAGEMENT
_96240
650 _aFUNDING
650 _aFURTHER EDUCATION FUNDING COUNCIL
650 _aLOCAL AUTHORITY CONTROL
650 _aOPPORTUNITIES
650 _aPLANNED MAINTENANCE
650 _aSIXTH FORM COLLEGES
690 _aBUILT ENVIRONMENT
942 _n0
948 _c04/03/1997
999 _c47512
_d47512